000
00296nam a22001337a 4500
008
170228b xxu||||| |||| 00| 0 eng d
020
_a
9780763721787
041
_a
eng
080
_2
39
_a
616.8 006
100
_a
6
101
_a
SHM
245
_a
PANCREATIC CANCER
_c
HOFF.D.D.V
942
_2
udc
_c
BK
999
_c
6394
_d
6394